000 00682nam a2200205 i 4500
001 170582
003 ES-MaACL
005 20250917063059.0
008 090320s1890 sp a |||| |dspa d
080 _a821.133.1-94"18"
100 1 _aDaudet, Alphonse,
_d1840-1897
_942799
245 1 0 _aRecuerdos de un hombre de letras /
_cAlfonso Daudet ; traducción de H. Giner.
260 _aMadrid :
_bSáenz de Jubera, hermanos,
_c1890.
300 _a284 p. :
_bil. ;
_c19 cm.
490 1 _aColección Jubera ;
_v3
700 1 _aGiner de los Ríos, Hermenegildo.
_957125
830 0 _aColección Jubera ;
_v3
_9188955
852 _aES-MaACL
_jG-9817
999 _c170582
_d170582